Ortografía / (Registro nro. 35889)
[ vista simple ]
| 000 -CABECERA | |
|---|---|
| Longitud fija campo de control | 00647nam a2200217 4500 |
| 003 - • IDENTIFICADOR DELl NÚMERO DE CONTROL | |
| Identificador del número de control | CO-ViMGA |
| 020 ## - • NÚMERO INTERNACIONAL NORMALIZADO PARA LIBROS | |
| Número Internacional Normalizado para Libros (ISBN) | 9789681815479 |
| 040 ## - FUENTE DE LA CATALOGACIÓN | |
| Centro catalogador de origen | CO-ViMGA |
| Lengua de catalogación | spa |
| Centro transcriptor | CO-ViMGA |
| 082 04 - • NÚMERO DE LA CLASIFICACIÓN DECIMAL DEWEY | |
| Número de clasificación (R) | 808 |
| Número del ítem | M17o |
| 100 1# - • PUNTO DE ACCESO PRINCIPAL-NOMBRE DE PERSONA | |
| Nombre de persona | Maqueo, Ana María |
| 245 10 - • TITULO PROPIAMENTE DICHO | |
| Título | Ortografía / |
| Mención de responsabilidad, etc. | Ana María Maqueo |
| 300 ## - • DESCRIPCIÓN FÍSICA | |
| Extensión | 298 p.: |
| Otras características físicas | 25.5 cm. |
| 500 ## - • NOTA GENERAL | |
| Nota general | Incluye tabla de contenido |
| 504 ## - • NOTA DE BIBLIOGRAFÍA, ETC | |
| Nota de bibliografía, etc. | Incluye bibliografía, pags. 297-298 |
| 650 14 - • PUNTO DE ACCESO ADICIONAL DE MATERIA - TÉRMINO DE MATERIA | |
| Término de materia o nombre geográfico como elemento inicial | División silábica |
| Subdivisión de forma | Diptongos y triptongos |
| 650 14 - • PUNTO DE ACCESO ADICIONAL DE MATERIA - TÉRMINO DE MATERIA | |
| Término de materia o nombre geográfico como elemento inicial | Español |
| Subdivisión de forma | Estudio y enseñanza |
| 650 14 - • PUNTO DE ACCESO ADICIONAL DE MATERIA - TÉRMINO DE MATERIA | |
| Término de materia o nombre geográfico como elemento inicial | Ortografía |
| 650 14 - • PUNTO DE ACCESO ADICIONAL DE MATERIA - TÉRMINO DE MATERIA | |
| Término de materia o nombre geográfico como elemento inicial | Signos de puntuación |
| 942 ## - ENTRADA DE ELEMENTOS AGREGADOS (KOHA) | |
| Koha [por defecto] tipo de item | LIbro |
| Perdido | Fuente de clasificación o esquema | Estado Físico | No para préstamo | Forma de adquisición | Localización permanente | Localización actual | Fecha adquisición | Préstamos totales | Renovaciones totales | Signatura completa | Código de barras | Fecha última consulta | Fecha último préstamo | Número de copia | Fecha del precio de reemplazo | Tipo de item de Koha |
|---|---|---|---|---|---|---|---|---|---|---|---|---|---|---|---|---|
| Dewey Decimal Classification | Sala General Segundo Piso | Biblioteca Pública Germán Arciniegas - Villavicencio | Biblioteca Pública Germán Arciniegas - Villavicencio | 09/01/2016 | 2 | 2 | 808 M17o | 30610 | 09/11/2018 | 08/30/2018 | Ej. 1 | 09/01/2016 | LIbro |